Fame Chain Game Quiz Stats

Quiz Updated Mar 28, 2012

Also try: 15 Minutes of Fame
Challenge
Share
Tweet
Embed
Score 0/79 Timer 14:00
1 Play Today
2-Word Link % Correct
Mission Impossible
81.4%
Harrison Ford
81.4%
Fried Chicken
81%
Chicken Little
79.7%
Break In
78.3%
Toy Story
77.9%
George Harrison
77.3%
Deep Fried
76.2%
Time Travel
75.7%
Top Gun
75.6%
Story Time
75.2%
Travel Agent
75.1%
Call Back
73.6%
Roll Call
72.5%
In Deep
72.3%
Boy George
71.6%
Ralph Lauren
71.5%
Down Under
71.2%
Big Top
69.8%
Back Down
68.9%
Point Break
68%
Ford Focus
68%
Under Pressure
67.5%
Focus Group
66.9%
Agent Orange
65.3%
Pressure Point
65%
Barrel Roll
64.8%
Cast Away
64.8%
Orange County
64.2%
Cracker Barrel
62.2%
King Ralph
59.3%
Think Big
59.2%
The Graduate
58.9%
Board Up
58.7%
Skin Deep
58.1%
Graduate School
57.1%
County (aka Community) College
57.1%
Batter Up
57.1%
Group Think
56.7%
School Yard
56.7%
2-Word Link % Correct
Paper Clip
55.3%
Little Prince
55%
Cake Batter
54.9%
College Board
54.6%
Rice Cake
54.1%
Deep Purple
53.9%
California King
53.8%
Rain Man
53.7%
Sales Pitch
53.3%
Purple Rain
52.8%
Clip Art
52.6%
Graph Paper
52.5%
Yard Sales
51.6%
Die Cast
51.3%
Ink Jet
50.2%
Dry Skin
49.2%
Up Loaded
49.1%
Dani California
49.1%
Black Ink
48.5%
Line Graph
48.4%
Jerry Rice
48.4%
Prince John
48.3%
Loaded Die
48.3%
Impossible Dream
47.5%
Up Draft
47.5%
Draft Beer
47%
Under the Bridge
46.8%
Pitch Black
45.9%
Party Line
45.1%
Graham Cracker
44.9%
Lauren Graham
44.7%
Jet Dry
44.4%
Major Tom
43.7%
John Major
39.6%
Beer Garden
39%
Lover Boy
38.9%
Garden Party
36.5%
Dream Lover
33.7%
Art Monk
21.4%

You're not logged in!

Compare scores with friends on all Sporcle quizzes.
Join for Free
OR
Log In

You Might Also Like...

Show Comments

Extras

Top Quizzes Today


Score Distribution

Your Account Isn't Verified!

In order to create a playlist on Sporcle, you need to verify the email address you used during registration. Go to your Sporcle Settings to finish the process.

Report this User

Report this user for behavior that violates our Community Guidelines.

Details: